World investment report 1998: Trends and determinants (Record no. 41579)

MARC details
000 -LEADER
fixed length control field 00291nam a2200109Ia 4500
082 ## - DEWEY DECIMAL CLASSIFICATION NUMBER
Classification number 339.92(047)
Item number WOR
245 #0 - TITLE STATEMENT
Title World investment report 1998: Trends and determinants
250 ## - EDITION STATEMENT
Edition statement Indian
260 ## - PUBLICATION, DISTRIBUTION, ETC. (IMPRINT)
Place of publication Delhi
Name of publisher Bookwell
Year of publication 1999
942 ## - ADDED ENTRY ELEMENTS (KOHA)
Koha item type Books
Holdings
Withdrawn status Lost status Damaged status Not for loan Home library Current library Date acquired Full call number Accession Number Koha item type
        RRII Library RRII Library 16/12/2021 339.92(047) WOR 21865 Books